MDQL
is popping MORE tags! Check the
thread
!
Quizzes
Events
Quiz Creation
Community
Videos
Private Events
Remove Ads
Sign In
Join for FREE
Feedback
Dark Mode
Quiz Categories
Sports
Geography
Music
Movies
Television
Just For Fun
Miscellaneous
History
Literature
Language
Science
Gaming
Entertainment
Religion
Holiday
For Kids
Quiz Lab
Recent
Popular Today
Quiz Kudos Today
Editor Picks
Curator Picks
Quizzes by...
Day
Popularity
Type
Ratings
Length
Year
Community
Subscriptions
Recent Discussions
Orange Saloon
Badges
Playlists
Quests
Create
Leaderboards
Showdown
Live 5
Trivia Bingo
Activity
Puzzle Library
Sporcle Events
Private Events
Virtual Trivia
Globe League
Become a Host
Pub Owners
SporcleCon
Opinionation
Our Games
Videos
Blog
Mobile Apps
Partnerships
Remove Ads and Go Orange
Feedback
Music
Pop Music
The Beatles
Song
Album
Lyrics
Bands
Singers
Artist
Clip
Rock
Rap
Classical
Billboard
Country Music
Kpop
Taylor Swift
Music
Pop Music
The Beatles
Song
Album
Lyrics
Bands
Singers
Artist
Clip
Rock
Rap
Classical
Billboard
Country Music
Kpop
Taylor Swift
Random Quiz
Search Sporcle
×
Quiz Lab
Quiz Lab
Music
Country Music
Type in answers that appear in a list
Type in answers that appear in a list
Classic
Best Score? Go Orange.
Carrie Underwood Songs by First Letter Stats
Can you name the Carrie Underwood Songs by First Letter?
By
taylorswift12
10m
19 Questions
740 Plays
740 Plays
740 Plays
Comments
Comments
Give Quiz Kudos
Give Quiz Kudos
-
- Ratings
hide this ad
More Info
Replay
Link that replays current quiz
Next Quiz
Link to next quiz in quiz playlist
You Got
0%
They Got
Avg Score
74%
Avg Friend Score
Upgrade to see
Score Distribution
Jump to the score distribution portion of the page
Score
0/19
Timer
10:00
0
Plays Today
First Letter
Song Title
% Correct
B
Before He Cheats-Blown Away
95.4%
A
All American Girl
90.9%
J
Jesus take the Wheel-Just a Dream
90%
C
Change-Cowboy Casanova-Crazy Dreams-Cupids Got a Shotgun
88%
T
Temporary Home(and more...)
83.5%
G
Get Out of This Town-Good Girl-Good in Goodbye
83%
S
See You Again-So Small-Some Hearts-Someday When I Stop Loving You-Songs Like This-Starts with Goodbye
82%
L
Last Name-Leave Love Alone-Lessons Learned-Look At Me
79.6%
U
Unapologize-Undo It
78.9%
W
Wasted-What Can I Say-Wheel of the World-Whenever You Remember-Who Are You-Wine After Whiskey
76.8%
First Letter
Song Title
% Correct
M
Mamas Song
76.1%
I
I Ain't In Checotah Anymore-I Just Can't Live a Lie-I Know You Won't-I Told You So-Inside Your Heaven
74.7%
D
Do You Think About Me-Dont't Forget to Remember Me
70.5%
Q
Quitter
67.6%
F
Flat on the Floor-Forever Changed
65.3%
P
Play On
59.2%
Y
You Won't Find This-Young and Beautiful
50.7%
N
Nobody Ever Told You
48.4%
O
One Way Ticket
47.7%
Quiz Playlist
Details
Report
Send in Message
Add To Playlist
More Info:
Name a Carrie Underwood Song starting with each letter.
Classic:
Type in answers that appear in a list
Last Updated: Feb 16, 2017
Quiz Scoreboard
CHALLENGE
Sign Up to Join the Scoreboard
Show All
Scores
Hide
Comments
May contain spoilers
Recently Published
Two Season TV Shows II
by 123Four
Television
10m
Image Sorting: Flags VI
by Barbecue
Geography
2m
Find the 'City' Movie
by crazypaving
Movies
60s
More to Explore
Quiz From the Vault
Featured Blog Post
14 Easter Pick-up Lines to Find Eggs With
hide this ad
You Might Also Like...
Tags
Country Music Quiz
Letter Quiz
Carrie Underwood
Title Songs
Today's Top Quizzes in Music
Browse Music
hide this ad
Today's Top Quizzes in Country Music
Browse Country Music
Top Contributed Quizzes in Music
1
5X2 Blitz: Bands II
2
5X2 Blitz: The Beatles
3
Taylor Swift All Songs (2024)
4
5X2 Blitz: Billboard
5
5X2 Blitz: Billboard II
6
5X2 Blitz: Album
7
5X2 Blitz: Singers
8
5X2 Blitz: Rock
9
Music Artist by Three 2010s hits
10
5X2 Blitz: Lyrics
Explore More
Trending Topics
NBA
Anime
Crossword
Kpop
Disney
Marvel
Harry Potter
The Office
NFL
WWE
Soccer
Pokémon
Puzzle
Country
Song
hide this ad
More By:
taylorswift12
Quiz
Plays
Rating
Category
Featured
Created
Disney Logic Puzzle
208,118
3.83
Just For Fun
Dec 7, 2012
Follow That Line: Toy Story
63,086
4.63
Movies
Mar 18, 2013
Kindergarten Logic Puzzle
62,246
4.39
Just For Fun
Dec 2, 2015
Quick Thinking Disney Logic Puzzle
30,816
4.26
Just For Fun
Jan 6, 2013
Math Class Logic Puzzle
30,473
4.47
Science
Jul 23, 2016
Go to Creator's Profile
Score Distribution
Quiz Creator Spotlight
taylorswift12
Follow
Send a Message
Quizzes Created
-
Created Quiz Play Count
-
More By This Creator
Popular Quizzes Today
1
Find the US States - No Outlines Minefield
2
Colored Red Africa Blitz
3
Find the 'City' Movie
4
5x2 Blitz: Bands
5
The Countries of the World
6
Find the Countries of Europe - No Outlines Minefield
7
Find the US States
8
US States
More Music Quizzes
🐎 30 Greatest Country Artists (Rolling Stone)
Curator's Pick
Trending Quizzes
Colored Red Europe Blitz I
Colored Red Africa Blitz II
Colored Red Europe Blitz II
Colored Red Africa Blitz III
Colored Red Europe Blitz III
Recently Updated
How Do You Spell That?
pecheneg
Godzilla Movies
pecheneg
Grab Bag: 4-10 Letters
pecheneg
2024 March Madness Bracket
pecheneg
Famous TV Couples
Peacemaker
Champions League XIs: Real Madrid
pecheneg
Largest US Cities 1790-2010
pecheneg
Rides in Walt Disney World
pecheneg
Most Oscar Losses (Acting)
pecheneg
Beyoncé Albums
pecheneg
Trending Topics
Harry Potter
Marvel
Disney
Anime
Crossword
NBA
Kpop
Pokémon
Song
Country
Soccer
The Office
WWE
Puzzle
NFL
Your Account Isn't Verified!
In order to create a playlist on Sporcle, you need to verify the email address you used during registration. Go to your
Sporcle Settings
to finish the process.
Report this User
Report this user for behavior that violates our
Community Guidelines
.
Details:
Send Report
Go to the Sporcle.com Mobile Site →
Comments